Interstates by City - Statistics

General Stats
  • This quiz has been taken 290 times
  • The average score is 10 of 15
Answer Stats
Hint Answer % Correct
Tallahassee, Las Cruces, Fort Stockton 10
90%
Los Angeles, Sacramento, Tacoma 5
82%
Fort Lauderdale, Savannah, Bangor 95
81%
Salt Lake City, Las Vegas, Butte 15
72%
Miami, Chattanooga, Flint 75
72%
Rochester (NY), Buffalo (NY), Rochester (MN), Buffalo (WY) 90
72%
Memphis, Amarillo, Barstow 40
69%
Indianapolis, Nashville, Birmingham 65
66%
Albuquerque, Denver, Casper 25
65%
Tampa, Lakeland, Daytona Beach 4
64%
Philadelphia, Akron, Denver 76
60%
Eau Claire, Bismarck, Billings 94
56%
Syracuse, Scranton, Knoxville 81
55%
Wichita Falls, Tulsa, Joplin 44
49%
Lubbock, Plainview, Amarillo 27
44%
No matching quizzes found
Score Distribution
Percent of People with Each Score
Percentile by Number Answered
Your Score History
You have not taken this quiz